[Event "World Chess Olympiad 2018"]
[Site "Batumi"]
[Date "2018.09.24"]
[Round "1"]
[Board "3"]
[WhiteFideId "2107660"]
[White "Mekhitarian Krikor Sevag"]
[BlackFideId "16400119"]
[Black "Chipanga Chiletso"]
[Result "1-0"]
[LiveChessVersion "1.4.8"]
[BlackElo "2153"]
[WhiteElo "2543"]

1. d4 {[%clk 1:30:56]} d5 {[%clk 1:29:41]} 2. c4 {[%clk 1:31:23]} c6
{[%clk 1:29:23]} 3. Nf3 {[%clk 1:31:39]} Nf6 {[%clk 1:29:35]} 4. e3
{[%clk 1:31:27]} e6 {[%clk 1:28:29]} 5. Bd3 {[%clk 1:31:46]} Bd6 {[%clk 1:28:51]}
6. O-O {[%clk 1:30:37]} dxc4 {[%clk 1:29:12]} 7. Bxc4 {[%clk 1:31:05]} b5
{[%clk 1:29:35]} 8. Bd3 {[%clk 1:29:25]} Bb7 {[%clk 1:29:52]} 9. e4
{[%clk 1:27:18]} Be7 {[%clk 1:30:06]} 10. Qe2 {[%clk 1:22:17]} a6
{[%clk 1:28:39]} 11. Rd1 {[%clk 1:22:09]} Nbd7 {[%clk 1:22:26]} 12. Nc3
{[%clk 1:15:09]} c5 {[%clk 1:17:52]} 13. d5 {[%clk 0:58:40]} exd5
{[%clk 1:13:05]} 14. e5 {[%clk 0:56:50]} Ng8 {[%clk 1:09:33]} 15. e6
{[%clk 0:54:27]} fxe6 {[%clk 1:05:14]} 16. Qxe6 {[%clk 0:54:30]} Qb6
{[%clk 1:04:34]} 17. Qh3 {[%clk 0:52:05]} g6 {[%clk 0:50:39]} 18. Re1
{[%clk 0:28:32]} Nf8 {[%clk 0:41:02]} 19. Bg5 {[%clk 0:25:38]} h6
{[%clk 0:25:47]} 20. Re5 {[%clk 0:22:24]} Rh7 {[%clk 0:24:25]} 21. Bxe7
{[%clk 0:12:40]} Nxe7 {[%clk 0:23:39]} 22. Rae1 {[%clk 0:12:42]} Kd8
{[%clk 0:22:34]} 23. Qh4 {[%clk 0:06:50]} Qd6 {[%clk 0:19:22]} 24. Bb1
{[%clk 0:04:50]} g5 {[%clk 0:16:31]} 25. Qg3 {[%clk 0:04:45]} Rf7
{[%clk 0:11:03]} 26. Rxd5 {[%clk 0:04:43]} Qxd5 {[%clk 0:11:22]} 27. Nxd5
{[%clk 0:05:09]} Bxd5 {[%clk 0:10:09]} 28. Qd6+ {[%clk 0:05:33]} 1-0

[Event "World Chess Olympiad 2018"]
[Site "Batumi"]
[Date "2018.09.24"]
[Round "1"]
[Board "4"]
[WhiteFideId "20500882"]
[White "Chiona Richard"]
[BlackFideId "2106981"]
[Black "El Debs Felipe de Cresce"]
[Result "0-1"]
[LiveChessVersion "1.4.8"]
[BlackElo "2542"]
[WhiteElo "1900"]

1. d4 {[%clk 1:29:49]} Nf6 {[%clk 1:30:52]} 2. Nf3 {[%clk 1:29:33]} e6
{[%clk 1:31:14]} 3. e3 {[%clk 1:29:29]} b6 {[%clk 1:30:45]} 4. Bd3
{[%clk 1:29:08]} Bb7 {[%clk 1:27:11]} 5. O-O {[%clk 1:28:11]} c5 {[%clk 1:26:21]}
6. b3 {[%clk 1:28:10]} d5 {[%clk 1:25:32]} 7. Bb2 {[%clk 1:28:22]} Nc6
{[%clk 1:25:13]} 8. a3 {[%clk 1:28:48]} Bd6 {[%clk 1:25:23]} 9. Ne5
{[%clk 1:28:30]} O-O {[%clk 1:24:08]} 10. f4 {[%clk 1:27:09]} Rc8
{[%clk 1:22:37]} 11. Nd2 {[%clk 1:24:22]} Ne7 {[%clk 1:22:56]} 12. Qe2
{[%clk 1:16:43]} Ne4 {[%clk 1:20:49]} 13. Rad1 {[%clk 1:14:45]} cxd4
{[%clk 0:55:42]} 14. exd4 {[%clk 1:07:22]} f5 {[%clk 0:49:26]} 15. Rf3
{[%clk 1:01:18]} Nc6 {[%clk 0:44:28]} 16. Rh3 {[%clk 0:59:00]} Nxe5
{[%clk 0:40:23]} 17. fxe5 {[%clk 0:58:30]} Be7 {[%clk 0:39:57]} 18. Rf1
{[%clk 0:36:34]} Bg5 {[%clk 0:38:49]} 19. Nf3 {[%clk 0:25:58]} Bh6
{[%clk 0:38:58]} 20. Bc1 {[%clk 0:24:57]} Bxc1 {[%clk 0:39:21]} 21. Rxc1
{[%clk 0:24:33]} Qe7 {[%clk 0:39:48]} 22. a4 {[%clk 0:20:32]} Rc7
{[%clk 0:37:28]} 23. Rf1 {[%clk 0:18:19]} g6 {[%clk 0:36:09]} 24. Qe1
{[%clk 0:12:23]} Kh8 {[%clk 0:32:03]} 25. Nh4 {[%clk 0:11:27]} Rg8
{[%clk 0:31:45]} 26. Nf3 {[%clk 0:06:17]} g5 {[%clk 0:31:36]} 27. Rh6
{[%clk 0:03:17]} Kg7 {[%clk 0:28:54]} 28. Rf6 {[%clk 0:02:53]} Nxf6
{[%clk 0:28:46]} 29. exf6+ {[%clk 0:02:34]} Qxf6 {[%clk 0:29:12]} 30. Ne5
{[%clk 0:02:10]} Kh8 {[%clk 0:28:58]} 31. Kh1 {[%clk 0:01:52]} Bc6
{[%clk 0:25:28]} 32. Qb4 {[%clk 0:00:57]} Be8 {[%clk 0:25:21]} 0-1

[Event "World Chess Olympiad 2018"]
[Site "Batumi"]
[Date "2018.09.24"]
[Round "1"]
[Board "1"]
[WhiteFideId "13202340"]
[White "Lee Jun Hyeok"]
[BlackFideId "13900048"]
[Black "Bologan Victor"]
[Result "1/2-1/2"]
[LiveChessVersion "1.4.8"]
[BlackElo "2580"]
[WhiteElo "2263"]

1. Nf3 {[%clk 1:30:50]} c5 {[%clk 1:30:32]} 2. c4 {[%clk 1:27:41]} Nc6
{[%clk 1:30:46]} 3. Nc3 {[%clk 1:24:25]} g6 {[%clk 1:31:09]} 4. e3
{[%clk 1:24:12]} Bg7 {[%clk 1:30:43]} 5. d4 {[%clk 1:24:16]} d6 {[%clk 1:31:03]}
6. Be2 {[%clk 1:23:11]} Nf6 {[%clk 1:28:22]} 7. d5 {[%clk 1:20:27]} Na5
{[%clk 1:28:34]} 8. e4 {[%clk 1:17:46]} O-O {[%clk 1:28:35]} 9. h3
{[%clk 1:15:35]} e5 {[%clk 1:28:40]} 10. Bg5 {[%clk 1:11:54]} h6 {[%clk 1:27:40]}
11. Be3 {[%clk 1:11:46]} Kh8 {[%clk 1:19:14]} 12. Nd2 {[%clk 1:07:58]} Ng8
{[%clk 1:15:13]} 13. g4 {[%clk 1:06:44]} f5 {[%clk 1:11:43]} 14. exf5
{[%clk 1:05:37]} gxf5 {[%clk 1:12:05]} 15. gxf5 {[%clk 1:05:55]} Bxf5
{[%clk 1:12:27]} 16. Nde4 {[%clk 1:04:09]} a6 {[%clk 1:11:24]} 17. Qd2
{[%clk 0:55:25]} b5 {[%clk 1:11:13]} 18. Ng3 {[%clk 0:52:50]} Nxc4
{[%clk 1:00:51]} 19. Bxc4 {[%clk 0:53:15]} bxc4 {[%clk 1:01:17]} 20. Nxf5
{[%clk 0:53:19]} Rxf5 {[%clk 1:01:37]} 21. Ne4 {[%clk 0:52:07]} Rb8
{[%clk 1:01:31]} 22. Rg1 {[%clk 0:49:49]} Qh4 {[%clk 0:46:21]} 23. Qc2
{[%clk 0:45:34]} Rf3 {[%clk 0:41:53]} 24. O-O-O {[%clk 0:43:02]} Rb6
{[%clk 0:33:20]} 25. Rg4 {[%clk 0:33:55]} Qxh3 {[%clk 0:23:55]} 26. Rdg1
{[%clk 0:33:36]} Rf7 {[%clk 0:24:05]} 27. Rg6 {[%clk 0:33:12]} Ne7
{[%clk 0:20:11]} 28. Nxd6 {[%clk 0:27:45]} Nxg6 {[%clk 0:19:43]} 29. Qxg6
{[%clk 0:23:11]} Rxd6 {[%clk 0:19:39]} 30. Qxf7 {[%clk 0:23:31]} Rd7
{[%clk 0:19:51]} 31. Qe8+ {[%clk 0:23:40]} Kh7 {[%clk 0:20:11]} 32. Qg6+
{[%clk 0:23:41]} Kh8 {[%clk 0:20:26]} 33. Bxc5 {[%clk 0:20:39]} Kg8
{[%clk 0:17:25]} 34. Qe8+ {[%clk 0:15:44]} Kh7 {[%clk 0:17:47]} 35. Qg6+
{[%clk 0:16:13]} Kg8 {[%clk 0:18:02]} 36. f4 {[%clk 0:11:10]} exf4
{[%clk 0:10:29]} 37. Bd4 {[%clk 0:09:06]} Qd3 {[%clk 0:10:16]} 38. Qe8+
{[%clk 0:08:19]} Kh7 {[%clk 0:10:39]} 39. Qxd7 {[%clk 0:06:19]} Qxd4
{[%clk 0:10:53]} 40. Qf5+ {[%clk 0:35:22]} Kh8 {[%clk 0:40:35]} 41. Qc8+
{[%clk 0:35:35]} Kh7 {[%clk 0:41:01]} 42. Qf5+ {[%clk 0:36:03]} Kh8
{[%clk 0:41:25]} 43. Rg2 {[%clk 0:32:45]} Qe3+ {[%clk 0:37:04]} 44. Kc2
{[%clk 0:32:30]} Qd4 {[%clk 0:37:10]} 45. Kc1 {[%clk 0:29:39]} Qe3+
{[%clk 0:36:38]} 46. Kd1 {[%clk 0:28:17]} f3 {[%clk 0:35:37]} 47. Qc8+
{[%clk 0:23:27]} Kh7 {[%clk 0:35:21]} 48. Qf5+ {[%clk 0:23:55]} Kh8
{[%clk 0:35:43]} 49. Qc8+ {[%clk 0:24:22]} Kh7 {[%clk 0:36:08]} 50. Qf5+
{[%clk 0:24:49]} 1/2-1/2

[Event "World Chess Olympiad 2018"]
[Site "Batumi"]
[Date "2018.09.24"]
[Round "1"]
[Board "2"]
[WhiteFideId "13900200"]
[White "Iordachescu Viorel"]
[BlackFideId "13203088"]
[Black "Kwon Sehyun"]
[Result "1-0"]
[LiveChessVersion "1.4.8"]
[BlackElo "2129"]
[WhiteElo "2591"]

1. e4 {[%clk 1:30:29]} c5 {[%clk 1:30:08]} 2. Nf3 {[%clk 1:30:33]} g6
{[%clk 1:30:30]} 3. d4 {[%clk 1:29:36]} cxd4 {[%clk 1:30:52]} 4. Qxd4
{[%clk 1:29:56]} Nf6 {[%clk 1:31:17]} 5. Nc3 {[%clk 1:30:08]} Nc6
{[%clk 1:30:49]} 6. Qa4 {[%clk 1:30:21]} d6 {[%clk 1:30:53]} 7. e5
{[%clk 1:30:37]} dxe5 {[%clk 1:30:40]} 8. Nxe5 {[%clk 1:30:59]} Bd7
{[%clk 1:30:28]} 9. Nxd7 {[%clk 1:31:16]} Nxd7 {[%clk 1:30:45]} 10. Bd2
{[%clk 1:31:34]} Nb6 {[%clk 1:20:45]} 11. Qe4 {[%clk 1:30:37]} Bg7
{[%clk 1:09:48]} 12. O-O-O {[%clk 1:30:45]} Qd4 {[%clk 1:07:22]} 13. Qxd4
{[%clk 1:26:26]} Nxd4 {[%clk 1:06:59]} 14. Be3 {[%clk 1:24:03]} O-O-O
{[%clk 1:05:11]} 15. Bd3 {[%clk 1:22:58]} e5 {[%clk 0:49:36]} 16. g4
{[%clk 1:19:51]} Nd5 {[%clk 0:44:34]} 17. Nxd5 {[%clk 1:18:55]} Rxd5
{[%clk 0:42:28]} 18. c3 {[%clk 1:15:08]} Ne6 {[%clk 0:41:38]} 19. Bc4
{[%clk 1:09:53]} Rxd1+ {[%clk 0:37:31]} 20. Rxd1 {[%clk 1:08:58]} b6
{[%clk 0:36:42]} 21. Kc2 {[%clk 1:05:21]} Re8 {[%clk 0:28:23]} 22. a4
{[%clk 1:04:27]} f5 {[%clk 0:26:08]} 23. Rd6 {[%clk 0:59:23]} Nd8
{[%clk 0:24:02]} 24. gxf5 {[%clk 0:56:50]} Kc7 {[%clk 0:20:12]} 25. Rd1
{[%clk 0:50:01]} gxf5 {[%clk 0:20:31]} 26. Rg1 {[%clk 0:49:48]} Bh8
{[%clk 0:14:19]} 27. f3 {[%clk 0:46:55]} f4 {[%clk 0:13:21]} 28. Bd2
{[%clk 0:41:30]} Bf6 {[%clk 0:13:07]} 29. Bd3 {[%clk 0:41:15]} Ne6
{[%clk 0:09:26]} 30. Be2 {[%clk 0:35:34]} Re7 {[%clk 0:08:25]} 31. b4
{[%clk 0:35:00]} Rg7 {[%clk 0:08:29]} 32. Rxg7+ {[%clk 0:35:16]} Bxg7
{[%clk 0:08:36]} 33. Kd3 {[%clk 0:34:51]} Kd6 {[%clk 0:05:50]} 34. Ke4
{[%clk 0:34:22]} Bf6 {[%clk 0:05:37]} 35. Be1 {[%clk 0:34:08]} a5
{[%clk 0:05:12]} 36. Kf5 {[%clk 0:28:03]} Bd8 {[%clk 0:04:28]} 37. bxa5
{[%clk 0:18:18]} bxa5 {[%clk 0:04:49]} 38. h4 {[%clk 0:18:28]} Ng7+
{[%clk 0:04:09]} 39. Kg4 {[%clk 0:11:06]} h5+ {[%clk 0:03:12]} 40. Kh3
{[%clk 0:41:30]} Nf5 {[%clk 0:31:31]} 41. Bd3 {[%clk 0:41:21]} Ke6
{[%clk 0:29:47]} 42. Bf2 {[%clk 0:38:18]} Kf6 {[%clk 0:29:10]} 43. Bc5
{[%clk 0:34:52]} Bc7 {[%clk 0:27:02]} 44. Bb5 {[%clk 0:34:20]} Ke6
{[%clk 0:24:12]} 45. Be8 {[%clk 0:30:36]} Ng7 {[%clk 0:20:03]} 46. Bc6
{[%clk 0:28:27]} Kf6 {[%clk 0:19:35]} 47. Ba7 {[%clk 0:27:31]} Ne6
{[%clk 0:19:04]} 48. Be4 {[%clk 0:25:59]} Bd8 {[%clk 0:18:21]} 49. Bf2
{[%clk 0:24:02]} Ng7 {[%clk 0:11:50]} 50. Bc6 {[%clk 0:16:04]} Nf5
{[%clk 0:08:37]} 51. Bd7 {[%clk 0:16:14]} Nd6 {[%clk 0:06:24]} 52. Bc5
{[%clk 0:15:53]} Bc7 {[%clk 0:05:17]} 53. Bc6 {[%clk 0:11:54]} Nf5
{[%clk 0:05:21]} 54. Bf2 {[%clk 0:11:48]} Nd6 {[%clk 0:04:42]} 55. Kg2
{[%clk 0:11:42]} Ke6 {[%clk 0:03:41]} 56. Kf1 {[%clk 0:08:23]} Bd8
{[%clk 0:03:44]} 57. Ke2 {[%clk 0:05:39]} Nf5 {[%clk 0:03:59]} 58. Be8
{[%clk 0:05:53]} Ng3+ {[%clk 0:02:12]} 59. Kd3 {[%clk 0:06:07]} Bxh4
{[%clk 0:02:02]} 60. Bxh5 {[%clk 0:06:04]} Bd8 {[%clk 0:01:07]} 61. Bg4+
{[%clk 0:06:08]} Kd5 {[%clk 0:01:24]} 62. c4+ {[%clk 0:05:03]} Kd6
{[%clk 0:01:18]} 63. Bc8 {[%clk 0:04:50]} Nf1 {[%clk 0:01:16]} 64. Ba7
{[%clk 0:03:27]} Ne3 {[%clk 0:00:50]} 65. Ba6 {[%clk 0:03:18]} Bc7
{[%clk 0:00:58]} 66. Bb5 {[%clk 0:03:09]} Nd1 {[%clk 0:00:50]} 67. c5+
{[%clk 0:02:55]} Kd5 {[%clk 0:00:47]} 68. Bb6 {[%clk 0:02:37]} Bxb6
{[%clk 0:00:32]} 69. cxb6 {[%clk 0:03:00]} Kd6 {[%clk 0:00:55]} 70. Be8
{[%clk 0:03:03]} Ne3 {[%clk 0:00:41]} 71. Ke4 {[%clk 0:03:05]} Nc4
{[%clk 0:00:35]} 72. b7 {[%clk 0:02:57]} Kc7 {[%clk 0:00:57]} 73. Bc6
{[%clk 0:03:01]} Nb2 {[%clk 0:00:31]} 74. Kxe5 {[%clk 0:03:11]} Nd3+
{[%clk 0:00:32]} 75. Kd4 {[%clk 0:02:52]} Nb2 {[%clk 0:00:31]} 76. Kc5
{[%clk 0:02:39]} Nd3+ {[%clk 0:00:31]} 77. Kb5 {[%clk 0:02:56]} Ne5
{[%clk 0:00:31]} 78. Be4 {[%clk 0:03:07]} Nf7 {[%clk 0:00:32]} 79. Kxa5
{[%clk 0:02:41]} 1-0

[Event "World Chess Olympiad 2018"]
[Site "Batumi"]
[Date "2018.09.24"]
[Round "1"]
[Board "3"]
[WhiteFideId "410969"]
[White "Walker Martin G"]
[BlackFideId "13900463"]
[Black "Svetushkin Dmitry"]
[Result "0-1"]
[LiveChessVersion "1.4.8"]
[BlackElo "2580"]
[WhiteElo "2078"]

1. e4 {[%clk 1:30:56]} g6 {[%clk 1:30:25]} 2. d4 {[%clk 1:31:15]} Bg7
{[%clk 1:30:49]} 3. Nf3 {[%clk 1:31:19]} d6 {[%clk 1:31:10]} 4. c3
{[%clk 1:29:52]} Nf6 {[%clk 1:31:32]} 5. Bd3 {[%clk 1:30:14]} O-O
{[%clk 1:31:29]} 6. O-O {[%clk 1:30:29]} Nbd7 {[%clk 1:31:54]} 7. Nbd2
{[%clk 1:26:52]} e5 {[%clk 1:27:23]} 8. Re1 {[%clk 1:26:53]} a6 {[%clk 1:27:32]}
9. Nf1 {[%clk 1:21:17]} b6 {[%clk 1:23:56]} 10. Ng3 {[%clk 1:10:17]} Bb7
{[%clk 1:22:57]} 11. h3 {[%clk 1:04:48]} Re8 {[%clk 1:22:22]} 12. Rb1
{[%clk 0:50:43]} b5 {[%clk 1:16:20]} 13. dxe5 {[%clk 0:44:40]} dxe5
{[%clk 1:14:49]} 14. Be3 {[%clk 0:45:05]} c5 {[%clk 1:12:44]} 15. Qd2
{[%clk 0:39:55]} Qc7 {[%clk 1:12:06]} 16. Rbd1 {[%clk 0:35:59]} Rad8
{[%clk 1:06:05]} 17. Bc2 {[%clk 0:35:18]} Nf8 {[%clk 1:05:03]} 18. Qc1
{[%clk 0:32:53]} Ne6 {[%clk 1:04:13]} 19. Rxd8 {[%clk 0:32:23]} Rxd8
{[%clk 1:04:35]} 20. Rd1 {[%clk 0:32:44]} Re8 {[%clk 1:03:42]} 21. Bh6
{[%clk 0:25:56]} c4 {[%clk 1:00:24]} 22. Bxg7 {[%clk 0:20:24]} Kxg7
{[%clk 1:00:39]} 23. Qe3 {[%clk 0:19:54]} Nc5 {[%clk 0:57:52]} 24. Nf5+
{[%clk 0:18:23]} Kh8 {[%clk 0:54:12]} 25. Nd6 {[%clk 0:14:16]} Re7
{[%clk 0:54:02]} 26. Qh6 {[%clk 0:11:11]} Ng8 {[%clk 0:53:23]} 27. Qf8
{[%clk 0:08:59]} Ne6 {[%clk 0:51:13]} 0-1

[Event "World Chess Olympiad 2018"]
[Site "Batumi"]
[Date "2018.09.24"]
[Round "1"]
[Board "4"]
[WhiteFideId "13900897"]
[White "Morozov Nichita"]
[BlackFideId "13201727"]
[Black "Kang Taehyung"]
[Result "1-0"]
[LiveChessVersion "1.4.8"]
[BlackElo "1860"]
[WhiteElo "2452"]

1. d4 {[%clk 1:30:56]} d5 {[%clk 1:30:44]} 2. c4 {[%clk 1:31:22]} c6
{[%clk 1:31:07]} 3. Nf3 {[%clk 1:31:49]} e6 {[%clk 1:30:54]} 4. Qc2
{[%clk 1:31:07]} Nf6 {[%clk 1:30:49]} 5. g3 {[%clk 1:30:51]} Nbd7
{[%clk 1:29:18]} 6. Bg2 {[%clk 1:31:17]} Bd6 {[%clk 1:26:29]} 7. Nbd2
{[%clk 1:30:03]} O-O {[%clk 1:25:35]} 8. O-O {[%clk 1:30:30]} b6 {[%clk 1:13:48]}
9. e4 {[%clk 1:30:39]} dxe4 {[%clk 1:14:02]} 10. Ng5 {[%clk 1:24:51]} Bb7
{[%clk 1:11:01]} 11. Ndxe4 {[%clk 1:24:24]} Be7 {[%clk 1:09:42]} 12. Rd1
{[%clk 1:19:17]} h6 {[%clk 1:07:26]} 13. Nxf6+ {[%clk 1:15:42]} Nxf6
{[%clk 1:07:47]} 14. Nh3 {[%clk 1:15:50]} Qc7 {[%clk 1:07:18]} 15. Bf4
{[%clk 1:12:30]} Bd6 {[%clk 1:07:30]} 16. Bxd6 {[%clk 1:08:32]} Qxd6
{[%clk 1:06:41]} 17. c5 {[%clk 1:08:59]} Qc7 {[%clk 1:06:41]} 18. Nf4
{[%clk 1:08:06]} Rfd8 {[%clk 0:54:54]} 19. Qc3 {[%clk 1:06:46]} Rac8
{[%clk 0:50:59]} 20. a4 {[%clk 1:05:09]} Nd5 {[%clk 0:47:43]} 21. Nxd5
{[%clk 1:04:24]} cxd5 {[%clk 0:48:05]} 22. b4 {[%clk 1:04:41]} a5
{[%clk 0:48:17]} 23. b5 {[%clk 0:58:54]} bxc5 {[%clk 0:47:44]} 24. dxc5
{[%clk 0:59:22]} Qxc5 {[%clk 0:43:03]} 25. Qxa5 {[%clk 0:59:46]} Ra8
{[%clk 0:43:24]} 26. Qd2 {[%clk 1:00:04]} Qb6 {[%clk 0:43:41]} 27. Qb4
{[%clk 0:58:24]} Ra5 {[%clk 0:42:59]} 28. Rdc1 {[%clk 0:58:16]} Rda8
{[%clk 0:43:09]} 29. Qe7 {[%clk 0:56:22]} Rf8 {[%clk 0:25:48]} 30. Rc7
{[%clk 0:52:26]} Ba8 {[%clk 0:25:22]} 31. Bf3 {[%clk 0:50:22]} Qd4
{[%clk 0:20:39]} 32. Rac1 {[%clk 0:38:55]} Rxa4 {[%clk 0:13:46]} 33. Rc8
{[%clk 0:39:07]} Rxc8 {[%clk 0:13:55]} 34. Rxc8+ {[%clk 0:39:33]} Kh7
{[%clk 0:14:19]} 35. Qxf7 {[%clk 0:39:58]} Qf6 {[%clk 0:07:04]} 36. Qg8+
{[%clk 0:39:54]} Kg6 {[%clk 0:07:26]} 37. Rf8 {[%clk 0:40:18]} 1-0

[Event "World Chess Olympiad 2018"]
[Site "Batumi"]
[Date "2018.09.24"]
[Round "1"]
[Board "1"]
[WhiteFideId "11601388"]
[White "Neiksans Arturs"]
[BlackFideId "14800098"]
[Black "Paiva Donaldo"]
[Result "1-0"]
[LiveChessVersion "1.4.8"]
[BlackElo "2206"]
[WhiteElo "2566"]

1. e4 {[%clk 1:30:57]} c5 {[%clk 1:30:48]} 2. Nc3 {[%clk 1:31:24]} d6
{[%clk 1:31:14]} 3. d4 {[%clk 1:31:47]} cxd4 {[%clk 1:31:39]} 4. Qxd4
{[%clk 1:32:14]} Nc6 {[%clk 1:32:03]} 5. Qd2 {[%clk 1:32:39]} Nf6
{[%clk 1:32:06]} 6. b3 {[%clk 1:33:02]} e6 {[%clk 1:31:36]} 7. Bb2
{[%clk 1:33:28]} Be7 {[%clk 1:32:00]} 8. O-O-O {[%clk 1:33:50]} a6
{[%clk 1:28:35]} 9. Kb1 {[%clk 1:34:03]} b5 {[%clk 1:27:11]} 10. f3
{[%clk 1:34:20]} O-O {[%clk 1:22:32]} 11. g4 {[%clk 1:33:44]} Bb7
{[%clk 1:22:15]} 12. g5 {[%clk 1:25:23]} Nd7 {[%clk 1:22:15]} 13. h4
{[%clk 1:25:45]} Nc5 {[%clk 1:21:08]} 14. Nh3 {[%clk 1:10:45]} b4
{[%clk 1:19:09]} 15. Nd5 {[%clk 1:00:46]} exd5 {[%clk 1:18:34]} 16. exd5
{[%clk 1:01:13]} Nb8 {[%clk 1:17:46]} 17. Qxb4 {[%clk 0:59:50]} Nbd7
{[%clk 1:11:17]} 18. Qd4 {[%clk 0:52:46]} f6 {[%clk 1:11:41]} 19. h5
{[%clk 0:46:12]} Bc8 {[%clk 0:59:49]} 20. Be2 {[%clk 0:39:30]} Rf7
{[%clk 0:55:13]} 21. g6 {[%clk 0:39:33]} Rf8 {[%clk 0:55:37]} 22. gxh7+
{[%clk 0:39:03]} Kxh7 {[%clk 0:53:47]} 23. Rdg1 {[%clk 0:35:39]} Rf7
{[%clk 0:42:03]} 24. Rg6 {[%clk 0:30:29]} Bf8 {[%clk 0:35:37]} 25. f4
{[%clk 0:25:54]} Qe8 {[%clk 0:34:06]} 26. Bf3 {[%clk 0:16:42]} Re7
{[%clk 0:33:51]} 27. Bc3 {[%clk 0:10:56]} Nb6 {[%clk 0:30:48]} 28. Ng5+
{[%clk 0:07:24]} fxg5 {[%clk 0:30:03]} 29. h6 {[%clk 0:07:43]} Bh3
{[%clk 0:19:12]} 30. hxg7 {[%clk 0:07:53]} Qxg6 {[%clk 0:18:56]} 31. Rxh3+
{[%clk 0:08:14]} Kg8 {[%clk 0:19:09]} 32. Rh8+ {[%clk 0:08:20]} Kf7
{[%clk 0:19:34]} 33. g8=Q+ {[%clk 0:08:22]} Qxg8 {[%clk 0:19:56]} 34. Bh5+
{[%clk 0:08:44]} 1-0

[Event "World Chess Olympiad 2018"]
[Site "Batumi"]
[Date "2018.09.24"]
[Round "1"]
[Board "2"]
[WhiteFideId "14800063"]
[White "Abrantes Persson"]
[BlackFideId "11602740"]
[Black "Meshkovs Nikita"]
[Result "0-1"]
[LiveChessVersion "1.4.8"]
[BlackElo "2535"]
[WhiteElo "2055"]

1. d4 {[%clk 1:30:36]} Nf6 {[%clk 1:30:54]} 2. c4 {[%clk 1:31:00]} e6
{[%clk 1:31:19]} 3. g3 {[%clk 1:31:22]} d5 {[%clk 1:30:12]} 4. Bg2
{[%clk 1:25:14]} Bb4+ {[%clk 1:30:33]} 5. Bd2 {[%clk 1:25:38]} Be7
{[%clk 1:30:49]} 6. Nc3 {[%clk 1:25:19]} O-O {[%clk 1:28:12]} 7. Nf3
{[%clk 1:24:19]} dxc4 {[%clk 1:27:14]} 8. e4 {[%clk 1:21:04]} a6 {[%clk 1:23:07]}
9. a4 {[%clk 1:21:11]} c5 {[%clk 1:22:40]} 10. Bg5 {[%clk 1:13:56]} cxd4
{[%clk 1:19:22]} 11. Nxd4 {[%clk 1:13:06]} Nbd7 {[%clk 1:09:30]} 12. O-O
{[%clk 1:07:07]} Ne5 {[%clk 1:05:55]} 13. Nce2 {[%clk 1:05:56]} Bc5
{[%clk 0:54:39]} 14. Qd2 {[%clk 0:57:21]} h6 {[%clk 0:42:53]} 15. Bxf6
{[%clk 0:50:08]} Qxf6 {[%clk 0:43:02]} 16. f4 {[%clk 0:50:26]} Nc6
{[%clk 0:42:18]} 17. e5 {[%clk 0:50:23]} Qd8 {[%clk 0:41:38]} 18. Bxc6
{[%clk 0:41:09]} bxc6 {[%clk 0:41:56]} 19. a5 {[%clk 0:41:24]} Qd5
{[%clk 0:40:35]} 20. Qe3 {[%clk 0:33:49]} Rb8 {[%clk 0:39:11]} 21. Qd2
{[%clk 0:28:21]} Rb3 {[%clk 0:32:39]} 22. Ra3 {[%clk 0:26:14]} c3
{[%clk 0:32:51]} 23. Qd1 {[%clk 0:09:57]} Rxb2 {[%clk 0:33:00]} 24. Ra4
{[%clk 0:09:47]} Rxe2 {[%clk 0:32:05]} 25. Rf2 {[%clk 0:07:18]} c2
{[%clk 0:31:18]} 0-1

[Event "World Chess Olympiad 2018"]
[Site "Batumi"]
[Date "2018.09.24"]
[Round "1"]
[Board "3"]
[WhiteFideId "11602945"]
[White "Kantans Toms"]
[BlackFideId "14800268"]
[Black "Calicoca Wilton Inacio"]
[Result "1-0"]
[LiveChessVersion "1.4.8"]
[BlackElo "2135"]
[WhiteElo "2509"]

1. e4 {[%clk 1:30:57]} e5 {[%clk 1:30:52]} 2. Nf3 {[%clk 1:31:21]} Nc6
{[%clk 1:31:20]} 3. Bb5 {[%clk 1:31:44]} a6 {[%clk 1:31:45]} 4. Ba4
{[%clk 1:32:10]} Nf6 {[%clk 1:31:47]} 5. O-O {[%clk 1:32:33]} b5 {[%clk 1:32:07]}
6. Bb3 {[%clk 1:32:57]} Be7 {[%clk 1:32:32]} 7. Qe2 {[%clk 1:32:28]} d6
{[%clk 1:31:23]} 8. c3 {[%clk 1:32:51]} Bg4 {[%clk 1:29:58]} 9. h3
{[%clk 1:32:47]} Bh5 {[%clk 1:29:30]} 10. d3 {[%clk 1:31:23]} O-O
{[%clk 1:29:46]} 11. a3 {[%clk 1:29:46]} Na5 {[%clk 1:30:00]} 12. Ba2
{[%clk 1:30:11]} c5 {[%clk 1:29:50]} 13. b4 {[%clk 1:27:08]} Bxf3
{[%clk 1:25:21]} 14. Qxf3 {[%clk 1:27:32]} Nc6 {[%clk 1:25:35]} 15. Bg5
{[%clk 1:17:14]} a5 {[%clk 1:19:07]} 16. Bxf6 {[%clk 1:12:37]} Bxf6
{[%clk 1:19:27]} 17. Bd5 {[%clk 1:12:57]} Qb6 {[%clk 1:17:46]} 18. bxc5
{[%clk 1:09:43]} dxc5 {[%clk 1:12:17]} 19. Qe3 {[%clk 1:09:31]} Rad8
{[%clk 1:11:52]} 20. Nd2 {[%clk 1:09:11]} Ne7 {[%clk 1:11:04]} 21. c4
{[%clk 1:08:59]} Nxd5 {[%clk 1:10:07]} 22. cxd5 {[%clk 1:08:59]} h6
{[%clk 1:06:06]} 23. Nf3 {[%clk 0:59:09]} Qd6 {[%clk 0:49:14]} 24. Rfc1
{[%clk 0:56:48]} Rc8 {[%clk 0:39:38]} 25. a4 {[%clk 0:51:17]} b4 {[%clk 0:39:54]}
26. Rc4 {[%clk 0:51:40]} Rc7 {[%clk 0:39:34]} 27. Qc1 {[%clk 0:46:59]} Rfc8
{[%clk 0:36:05]} 28. Qb2 {[%clk 0:47:05]} g5 {[%clk 0:27:07]} 29. Nd2
{[%clk 0:44:49]} Bd8 {[%clk 0:23:44]} 30. Nf1 {[%clk 0:42:35]} f5
{[%clk 0:23:04]} 31. Ne3 {[%clk 0:38:53]} fxe4 {[%clk 0:23:01]} 32. dxe4
{[%clk 0:39:06]} Rf7 {[%clk 0:12:28]} 33. Rd1 {[%clk 0:36:45]} Bb6
{[%clk 0:10:39]} 34. Nf5 {[%clk 0:37:00]} Rxf5 {[%clk 0:09:39]} 35. exf5
{[%clk 0:37:25]} Bd8 {[%clk 0:07:13]} 36. Qc2 {[%clk 0:35:23]} Be7
{[%clk 0:05:02]} 37. Qd3 {[%clk 0:32:16]} Bf6 {[%clk 0:04:11]} 38. g3
{[%clk 0:29:16]} Kg7 {[%clk 0:01:47]} 39. h4 {[%clk 0:27:27]} 1-0